000 00700nam a2200217Ia 4500
003 OSt
005 20260105152435.0
008 220923b |||||||| |||| 00| 0 eng d
037 _cGeneral Book
040 _aRTL
_cRTL
_beng
041 _2eng
_aeng
084 _aX:8M , M7
_qRTL
100 _aSingh Y P
_9258226
245 0 _aOffice management and secretarial practice
260 _aDelhi
_bGian Publishing India
_c1987
300 _axiii , 402 p.
_ccm.
_bIncludes bibliographical references and index.
650 _aOffice Management
_9861932
700 _a Singh B
_9211537
_eCo-Author
942 _hX:8M , M7
_cGB
_2CC
_n0
999 _c504478
_d504478